Homenaje a Jorge Guillén (Record no. 81198)

MARC details
000 -LEADER
campo de control de longitud fija 00575nam a2200169 i 4500
001 - NÚMERO DE CONTROL
campo de control 81198
003 - IDENTIFICADOR DE NÚMERO DE CONTROL
campo de control ES-MaACL
005 - FECHA Y HORA DE LA ÚLTIMA TRANSACCIÓN
campo de control 20230906174404.0
007 - CAMPO FIJO DE DESCRIPCIÓN FÍSICA--INFORMACIÓN GENERAL
campo de control de longitud fija t|
008 - DATOS DE LONGITUD FIJA--INFORMACIÓN GENERAL
campo de control de longitud fija 041103s1978 sp ||||1| spa d
245 00 - MENCIÓN DEL TÍTULO
Título Homenaje a Jorge Guillén
Resto del título : 32 estudios crítico-literarios sobre su obra.
260 ## - PUBLICACIÓN, DISTRIBUCIÓN, ETC.
Lugar de publicación, distribución, etc. [Madrid] :
Nombre del editor, distribuidor, etc. Insula,
Fecha de publicación, distribución, etc. 1978.
300 ## - DESCRIPCIÓN FÍSICA
Extensión 478 p. ;
Dimensiones 24 cm.
500 ## - NOTA GENERAL
Nota general Precede al tít.: Wellesley College, Department of Spanish.
710 2# - ENTRADA AGREGADA--NOMBRE DE ENTIDAD CORPORATIVA
Nombre de entidad corporativa o nombre de jurisdicción como elemento de entrada Wellesley College (Wellesley, Massachusetts).
Unidad subordinada Department of Spanish.
9 (RLIN) 7569
852 ## - LOCALIZACIÓN
Ubicación ES-MaACL
Número de control de estantería A-9024
Sublocalización o colección R.97721
Holdings
Estatus retirado Estado de pérdida Estado de daño No para préstamo Biblioteca de origen Biblioteca actual Ubicación en estantería Fecha de adquisición Fuente de adquisición Total de préstamos Signatura topográfica completa Código de barras Visto por última vez Precio de reemplazo Tipo de ítem Koha
        Biblioteca del Ateneo de Madrid Biblioteca del Ateneo de Madrid Depósito 1 17/01/2008     A-9024 1084884 23/02/2023 23/02/2023 Libro impreso